Online Catalogue and eLibrary

The Value of dissent in a free society : (Record no. 590)

MARC details
000 -LEADER
fixed length control field 00354nam a22001337a 4500
005 - DATE AND TIME OF LATEST TRANSACTION
control field 20240417071756.0
008 - FIXED-LENGTH DATA ELEMENTS--GENERAL INFORMATION
fixed length control field 240321b |||||||| |||| 00| 0 eng d
082 ## - DDC Classification
DDC Edition Number 22
Class No. 323.4.
Item Number - Author Mark THE.
245 ## - TITLE STATEMENT
Title The Value of dissent in a free society :
260 ## - PUBLICATION, DISTRIBUTION, ETC.
Name of publisher, distributor, etc. The Council for Liberal Democracy /
Date of publication, distribution, etc. 1990.
300 ## - PHYSICAL DESCRIPTION
Extent (e.g. Volumes, Pages etc.) vii, 38 p,
650 ## - SUBJECT ADDED ENTRY--TOPICAL TERM
Topical term or geographic name entry element Political.
942 ## - Koha item type (Biblio)
Koha item type Books in Stacks (Lending)
Holdings
Lost status Damaged status Collection code Home library Current library Date acquired Full call number Accession Number Item type
    Lending WERC Library WERC Library 03/21/2024 323.4. THE. 1701 Books in Stacks (Lending)

© WERC Library